[Event "MEX-ch"]
[Site "Pachuca"]
[Date "2024.05.15"]
[Round "2"]
[White "Gonzalez Zamora, Juan Carlos"]
[Black "Sanchez Enriquez, Oscar Gerardo"]
[Result "1-0"]
[WhiteElo "2474"]
[BlackElo "2309"]
[PlyCount "75"]
[EventDate "2024.05.14"]
[EventType "swiss"]
[EventRounds "9"]
[EventCountry "MEX"]
[SourceTitle "CB21_2024"]
[SourceDate "2024.05.22"]
[SourceVersion "1"]
[SourceVersionDate "2024.05.22"]
[SourceQuality "1"]

1. Nf3 d5 2. g3 b6 3. Bg2 Bb7 4. d4 Nd7 5. 0-0 e6 6. c4 dxc4 7. Qa4 a6 8. Qxc4 Ngf6 9. Bg5 b5 10. Qc1 Rc8 11. Rd1 c5 12. Qe3 Qb6 13. Bxf6 Nxf6 14. Nbd2 Be7 15. a4 0-0 16. Qa3 b4 17. Qd3 a5 18. Nc4 Qa7 19. Nfe5 Bd5 20. Rac1 Rfd8 21. e4 Bxe4 22. Bxe4 Rxd4 23. Qf3 Rxe4 24. Rd7 Rc7 25. Nc6 Rxd7 26. Nxa7 Rxa7 27. b3 g5 28. h3 h5 29. Kf1 g4 30. hxg4 hxg4 31. Qh1 Rd7 32. Re1 Rdd4 33. Nxa5 Rxe1+ 34. Kxe1 Ne4 35. Nc6 Rd1+ 36. Kxd1 Nxf2+ 37. Kc2 Nxh1 38. a5 1-0

[Event "Titled Tuesday intern op 30th Apr Early"]
[Site "Chess.com INT"]
[Date "2024.04.30"]
[Round "5"]
[White "Sanchez Enriquez, Oscar Gerardo"]
[Black "Adireddy, Arjun"]
[Result "0-1"]
[WhiteElo "2286"]
[BlackElo "2300"]
[PlyCount "108"]
[EventDate "2024.04.30"]
[EventType "swiss (blitz)"]
[EventRounds "11"]
[EventCountry "USA"]
[SourceTitle "CB19_2024"]
[SourceDate "2024.05.08"]
[SourceVersion "1"]
[SourceVersionDate "2024.05.08"]
[SourceQuality "1"]

1. e4 c5 2. Nf3 e6 3. g3 Nc6 4. Bg2 Nf6 5. Qe2 d5 6. d3 Be7 7. 0-0 0-0 8. e5 Nd7 9. c4 d4 10. h4 f5 11. exf6 Bxf6 12. Qxe6+ Kh8 13. Qe2 Re8 14. Qd1 Nde5 15. Nxe5 Nxe5 16. Bf4 Ng6 17. Bc1 Bf5 18. Qf3 Qc8 19. Nd2 Rb8 20. Ne4 Bg4 21. Nd6 Bxf3 22. Nxc8 Bxg2 23. Kxg2 Rbxc8 24. h5 Ne5 25. Rd1 Nf7 26. Rb1 Bg5 27. b4 Bxc1 28. Rdxc1 b6 29. bxc5 Rxc5 30. g4 Kg8 31. a4 Ne5 32. Re1 Kf8 33. Re4 Nxd3 34. Rxd4 Ne5 35. Re1 Rxc4 36. Rxc4 Nxc4 37. Rc1 Nd6 38. Rc7 Re7 39. Rc6 Nb7 40. Rc8+ Kf7 41. Rh8 h6 42. Kg3 Nc5 43. f4 Nxa4 44. g5 hxg5 45. fxg5 Nc5 46. Kg4 Ne4 47. Kf4 Nd6 48. Rd8 Ne8 49. Kf5 Rc7 50. Rd5 Rc5 51. g6+ Ke7 52. Ke5 Rxd5+ 53. Kxd5 Nf6+ 54. Kc6 Nxh5 0-1

[Event "Titled Tuesday intern op 30th Apr Early"]
[Site "Chess.com INT"]
[Date "2024.04.30"]
[Round "4"]
[White "Sanchez Enriquez, Oscar Gerardo"]
[Black "Simonovic, Miroslav"]
[Result "1-0"]
[WhiteElo "2286"]
[BlackElo "2072"]
[PlyCount "57"]
[EventDate "2024.04.30"]
[EventType "swiss (blitz)"]
[EventRounds "11"]
[EventCountry "USA"]
[SourceTitle "CB19_2024"]
[SourceDate "2024.05.08"]
[SourceVersion "1"]
[SourceVersionDate "2024.05.08"]
[SourceQuality "1"]

1. e4 c5 2. Nf3 Nc6 3. Bb5 g6 4. 0-0 Bg7 5. Re1 e5 6. c3 Nge7 7. d4 exd4 8. cxd4 Nxd4 9. Nxd4 cxd4 10. Bf4 Qb6 11. Na3 0-0 12. Bd3 d5 13. e5 Qxb2 14. Nb5 a6 15. Nd6 Be6 16. a4 b5 17. axb5 axb5 18. Rb1 Qa3 19. Nxb5 Qa5 20. Nxd4 Rfb8 21. Nxe6 fxe6 22. h4 h5 23. g4 Rxb1 24. Bxb1 hxg4 25. Kg2 Nf5 26. Rh1 Qb4 27. Qxg4 Ra4 28. Qxg6 Qxf4 29. Qxe6+ 1-0

[Event "Veracruz op 2nd"]
[Site "Xalapa"]
[Date "2024.04.27"]
[Round "4"]
[White "Gonzalez Zamora, Juan Carlos"]
[Black "Sanchez Enriquez, Oscar Gerardo"]
[Result "1/2-1/2"]
[WhiteElo "2480"]
[BlackElo "2286"]
[PlyCount "91"]
[EventDate "2024.04.25"]
[EventType "swiss"]
[EventRounds "6"]
[EventCountry "MEX"]
[SourceTitle "CB18_2024"]
[SourceDate "2024.05.01"]
[SourceVersion "1"]
[SourceVersionDate "2024.05.01"]
[SourceQuality "2"]

1. Nf3 Nf6 2. c4 b6 3. g3 Bb7 4. Bg2 g6 5. 0-0 Bg7 6. d4 0-0 7. Nc3 Ne4 8. Nxe4 Bxe4 9. Be3 e6 10. Rc1 d6 11. Qd2 Nd7 12. Bg5 Qe8 13. Rfd1 a5 14. b3 f5 15. Be3 e5 16. dxe5 Nxe5 17. Ng5 Bxg2 18. Kxg2 Ng4 19. Qd5+ Kh8 20. Bd4 Bxd4 21. Qxd4+ Qe5 22. h3 Qxd4 23. Rxd4 Nf6 24. e3 Rfe8 25. g4 h6 26. Nf3 fxg4 27. hxg4 Ne4 28. Nd2 Nxd2 29. Rxd2 Kg7 30. Kg3 Re4 31. Rc3 g5 32. Rd4 Rxd4 33. exd4 Re8 34. c5 dxc5 35. dxc5 b5 36. Rd3 Re2 37. Rd7+ Kg6 38. Rxc7 Rxa2 39. Rc6+ Kg7 40. Rc7+ Kg6 41. Kf3 Ra3 42. Ke4 Rxb3 43. Ra7 Rb4+ 44. Kd5 Rxg4 45. Rxa5 Rf4 46. Ra2 1/2-1/2

[Event "Veracruz op 2nd"]
[Site "Xalapa"]
[Date "2024.04.25"]
[Round "1"]
[White "Sanchez Enriquez, Oscar Gerardo"]
[Black "Aquino Flores, Angelica Amaranta"]
[Result "1-0"]
[WhiteElo "2286"]
[BlackElo "1922"]
[PlyCount "69"]
[EventDate "2024.04.25"]
[EventType "swiss"]
[EventRounds "6"]
[EventCountry "MEX"]
[SourceTitle "CB18_2024"]
[SourceDate "2024.05.01"]
[SourceVersion "1"]
[SourceVersionDate "2024.05.01"]
[SourceQuality "2"]

1. e4 c5 2. Nf3 d6 3. Nc3 e6 4. d4 cxd4 5. Nxd4 a6 6. g3 Nf6 7. Bg2 Be7 8. 0-0 0-0 9. a4 Qc7 10. f4 Nc6 11. Nb3 Rd8 12. Qe2 b6 13. g4 Bb7 14. g5 Nd7 15. Be3 Nc5 16. Rad1 Nb4 17. f5 d5 18. g6 hxg6 19. fxg6 fxg6 20. Qg4 Nxc2 21. Nxc5 Bxc5 22. Qxe6+ Kh7 23. Bxc5 Qxc5+ 24. Kh1 Rf8 25. exd5 Rxf1+ 26. Rxf1 Rf8 27. Rxf8 Qxf8 28. Qxb6 Qf4 29. Be4 Qf1+ 30. Qg1 Qxg1+ 31. Kxg1 Nb4 32. Kf2 Kg8 33. a5 Kf7 34. Ke3 Kf6 35. Kd4 1-0

[Event "Mexican op 69th"]
[Site "Mexico City"]
[Date "2024.03.28"]
[Round "3"]
[White "Sanchez Enriquez, Oscar Gerardo"]
[Black "Galaviz Medina, Sion Radamantys"]
[Result "1-0"]
[WhiteElo "2286"]
[BlackElo "2439"]
[PlyCount "107"]
[EventDate "2024.03.26"]
[EventType "swiss"]
[EventRounds "9"]
[EventCountry "MEX"]
[SourceTitle "CB14_2024"]
[SourceDate "2024.04.01"]
[SourceVersion "1"]
[SourceVersionDate "2024.04.01"]
[SourceQuality "1"]

1. e4 c5 2. Nf3 d6 3. d4 cxd4 4. Nxd4 Nf6 5. Bd3 e5 6. Nf3 Be7 7. c4 Na6 8. Nc3 Be6 9. b3 Nc5 10. Bc2 0-0 11. 0-0 a6 12. Re1 Qb8 13. Bg5 Rc8 14. a4 h6 15. Bd2 Bd8 16. Rb1 Ncd7 17. h3 Bb6 18. Nh4 Kh7 19. Qf3 Ba5 20. b4 Bb6 21. Nd5 Rxc4 22. Bd3 Rc6 23. Nf5 Qf8 24. Nfe7 Bd8 25. Nxc6 bxc6 26. Nxf6+ Nxf6 27. Rec1 Bd7 28. Qe2 a5 29. b5 c5 30. b6 Bc6 31. f3 Qe7 32. Ba6 Nh5 33. Bb5 Bb7 34. Bc4 Nf6 35. Qd3 Qd7 36. Rb5 Kg8 37. Rxa5 Rxa5 38. Bxa5 Nh5 39. Bd2 Bxb6 40. a5 Ba7 41. Kh2 Nf6 42. Rb1 Ba8 43. Qb3 Kf8 44. Qb5 Qxb5 45. Rxb5 Ke7 46. a6 Kd7 47. Bxf7 Ne8 48. Bc4 Nc7 49. Rb1 Kc6 50. Ba5 g6 51. Kg1 g5 52. Kf1 d5 53. Bxc7 dxc4 54. Bxe5 1-0

[Event "Titled Tuesday intern op 12th Mar Late"]
[Site "Chess.com INT"]
[Date "2024.03.12"]
[Round "6"]
[White "Arabidze, Meri"]
[Black "Sanchez Enriquez, Oscar Gerardo"]
[Result "0-1"]
[WhiteElo "2458"]
[BlackElo "2286"]
[PlyCount "126"]
[EventDate "2024.03.12"]
[EventType "swiss (blitz)"]
[EventRounds "11"]
[EventCountry "USA"]
[SourceTitle "CB12_2024"]
[SourceDate "2023.10.01"]
[SourceVersion "1"]
[SourceVersionDate "2023.10.01"]
[SourceQuality "1"]

1. d4 d6 2. c4 e5 3. g3 Nc6 4. d5 Nce7 5. Bg2 a5 6. Nc3 Nf6 7. Nf3 Ng6 8. e4 Be7 9. 0-0 0-0 10. Ne1 Ne8 11. Nd3 f5 12. exf5 Bxf5 13. Ne4 h6 14. Be3 b6 15. b3 Nf6 16. Nxf6+ Bxf6 17. Rc1 Qd7 18. Re1 Bh3 19. Be4 Bf5 20. Bg2 Bg4 21. Qd2 Ne7 22. f3 Bh3 23. Nf2 Bf5 24. Ne4 Bh7 25. Bf2 Rf7 26. a3 Raf8 27. b4 axb4 28. axb4 Bxe4 29. fxe4 Bg5 30. Be3 Bxe3+ 31. Qxe3 Qa4 32. Bh3 Kh8 33. Qd2 Rf3 34. c5 bxc5 35. bxc5 Ng8 36. cxd6 cxd6 37. Bf5 Nf6 38. Rc3 Rxc3 39. Qxc3 Qa7+ 40. Kg2 Ng8 41. Rf1 Qf7 42. Kg1 Nf6 43. Qe3 Qh5 44. h3 Qe8 45. g4 Qd8 46. Qg3 Nh7 47. h4 Nf6 48. g5 Nh5 49. Qg4 Nf4 50. gxh6 Qf6 51. hxg7+ Qxg7 52. Qxg7+ Kxg7 53. Kf2 Rh8 54. Rg1+ Kf6 55. Rg4 Rb8 56. h5 Rb2+ 57. Ke1 Rh2 58. Rg8 Rxh5 59. Rd8 Rh2 60. Rxd6+ Kg5 61. Rd8 Nd3+ 62. Kd1 Kf4 63. d6 Ke3 0-1

[Event "Titled Tuesday intern op 12th Mar Early"]
[Site "Chess.com INT"]
[Date "2024.03.12"]
[Round "6"]
[White "Domin, Yan"]
[Black "Sanchez Enriquez, Oscar Gerardo"]
[Result "0-1"]
[WhiteElo "2209"]
[BlackElo "2286"]
[PlyCount "170"]
[EventDate "2024.03.12"]
[EventType "swiss (blitz)"]
[EventRounds "11"]
[EventCountry "USA"]
[SourceTitle "CB12_2024"]
[SourceDate "2023.10.01"]
[SourceVersion "1"]
[SourceVersionDate "2023.10.01"]
[SourceQuality "1"]

1. e4 d6 2. d4 Nf6 3. Nc3 g6 4. Nf3 Bg7 5. h3 0-0 6. Be3 a6 7. Qd2 b5 8. Bd3 Bb7 9. a3 Nc6 10. 0-0 e5 11. dxe5 Nxe5 12. Nxe5 dxe5 13. Bc5 Re8 14. Rad1 Nh5 15. Be2 Nf4 16. Bg4 Qg5 17. Kh2 Rad8 18. Qe3 h5 19. Bf3 Bc8 20. Nd5 c6 21. Ne7+ Kh7 22. Rxd8 Rxd8 23. Nxc8 Rxc8 24. Rd1 Qf6 25. Qb3 Ne6 26. Be3 Rd8 27. Rxd8 Qxd8 28. c3 Bh6 29. Bxh6 Kxh6 30. Qc2 Kg7 31. g3 h4 32. Kg2 hxg3 33. fxg3 Qg5 34. h4 Qe3 35. Qf2 Qd3 36. Qe2 Qb1 37. b4 Qc1 38. Qd3 Qxa3 39. Bg4 Qb2+ 40. Kh3 Nf8 41. Qe3 Qb1 42. Kh2 Qc2+ 43. Kh3 Qb1 44. Kh2 Qf1 45. h5 gxh5 46. Bxh5 Ne6 47. Bg4 Nf8 48. Qg5+ Ng6 49. Qe3 Qc4 50. Bf5 Qf1 51. Bh3 Qf6 52. Bf5 Ne7 53. g4 Qh4+ 54. Kg2 Ng6 55. Bxg6 Kxg6 56. Qf3 Qf6 57. Qh3 Qf4 58. Qh5+ Kg7 59. Kh3 Qf3+ 60. Kh2 Qxe4 61. Qg5+ Kf8 62. Qd8+ Kg7 63. Qg5+ Kh7 64. Qh5+ Kg8 65. Qg5+ Qg6 66. Qxe5 Qxg4 67. Qe8+ Kg7 68. Qxc6 Qe2+ 69. Kg3 Qe5+ 70. Kg2 Qe6 71. Qc5 Kg6 72. Qa7 Kf5 73. Kf2 Kf4 74. Qd4+ Kf5 75. Qc5+ Kg6 76. Qa7 f5 77. Qc5 Kg5 78. Qa7 Kg4 79. Qc5 f4 80. Qd4 Qc4 81. Qg7+ Kf5 82. Qf8+ Ke4 83. Qe7+ Kd3 84. Qf6 Kc2 85. Kf3 Qxc3+ 0-1

[Event "Titled Tuesday intern op 23rd Jan Late"]
[Site "Chess.com INT"]
[Date "2024.01.23"]
[Round "2"]
[White "Sanchez Enriquez, Oscar Gerardo"]
[Black "Hess, Robert L"]
[Result "0-1"]
[WhiteElo "2286"]
[BlackElo "2591"]
[PlyCount "96"]
[EventDate "2024.01.23"]
[EventType "swiss (blitz)"]
[EventRounds "11"]
[EventCountry "USA"]
[SourceTitle "CB05_2024"]
[SourceDate "2024.01.31"]
[SourceVersion "1"]
[SourceVersionDate "2024.01.31"]
[SourceQuality "1"]

1. e4 c6 2. d4 Qc7 3. Nc3 d6 4. Nf3 e5 5. h3 Nf6 6. a4 Be7 7. Bc4 0-0 8. Ba2 exd4 9. Nxd4 Re8 10. 0-0 Bf8 11. Re1 Na6 12. Bf4 Nb4 13. Bb3 a6 14. a5 c5 15. Nf3 Be6 16. Ba4 Red8 17. Bg5 Be7 18. Bb3 c4 19. Ba2 Rac8 20. Bb1 d5 21. e5 Ne4 22. Bxe7 Qxe7 23. Ne2 Qc5 24. Ned4 c3 25. b3 Re8 26. Re3 Bd7 27. Qe1 Nc6 28. Qd1 Nxe5 29. Nxe5 Rxe5 30. Qd3 Rce8 31. Ba2 Qa3 32. b4 Qb2 33. Ree1 Nxf2 34. Kxf2 Rxe1 35. Rxe1 Rxe1 36. Kxe1 Qxa2 37. Qxc3 h6 38. Nb3 Qa4 39. Nc5 Qc6 40. Qe5 Be6 41. Kd2 g6 42. g4 Qb5 43. c3 Qc6 44. Qe3 d4 45. Qxd4 Qg2+ 46. Kc1 Qh1+ 47. Kb2 Qg2+ 48. Ka3 Qa2# 0-1

[Event "MEX-ch"]
[Site "Mexico City"]
[Date "2023.11.11"]
[Round "7"]
[White "Sanchez Enriquez, Oscar Gerardo"]
[Black "Avila Rodriguez, Joshua Ad"]
[Result "1-0"]
[WhiteElo "2297"]
[BlackElo "2212"]
[PlyCount "20"]
[EventDate "2023.11.07"]
[EventType "swiss"]
[EventRounds "9"]
[EventCountry "MEX"]
[SourceTitle "CB46_2023"]
[SourceDate "2023.11.15"]
[SourceVersion "1"]
[SourceVersionDate "2023.11.15"]
[SourceQuality "1"]

1. g3 Nf6 2. Bg2 d5 3. d3 c5 4. Nf3 Nc6 5. 0-0 e5 6. Bg5 Be7 7. Nfd2 Be6 8. e4 d4 9. f4 h6 10. Bxf6 Bxf6 1-0

[Event "Titled Tuesday intern op 26th Sep Early"]
[Site "Chess.com INT"]
[Date "2023.09.26"]
[Round "3"]
[White "Sattarov, Bobir"]
[Black "Sanchez Enriquez, Oscar Gerardo"]
[Result "1-0"]
[WhiteElo "2341"]
[BlackElo "2297"]
[PlyCount "101"]
[EventDate "2023.09.26"]
[EventType "swiss (blitz)"]
[EventRounds "11"]
[EventCountry "USA"]
[SourceTitle "EXT 2024"]
[Source "ChessBase"]
[SourceDate "2023.10.10"]
[SourceVersion "1"]
[SourceVersionDate "2023.10.10"]
[SourceQuality "1"]

1. e4 d6 2. d4 Nf6 3. Nc3 g6 4. f4 Bg7 5. Nf3 0-0 6. e5 dxe5 7. fxe5 Nd5 8. Na4 Nb6 9. Nc5 N8d7 10. Nb3 a5 11. a4 c6 12. Bd3 Nd5 13. 0-0 Nb4 14. Be2 Nb6 15. c3 N4d5 16. Bg5 f6 17. exf6 exf6 18. Bd2 Re8 19. Nc5 Ne3 20. Bxe3 Rxe3 21. Qd2 Re7 22. Rae1 Nd5 23. Bc4 b6 24. Rxe7 Qxe7 25. Re1 Qf7 26. Ne4 Qc7 27. h3 Bd7 28. Nf2 Re8 29. Nd3 Kf8 30. Bb3 Rxe1+ 31. Qxe1 Nf4 32. Qe4 Nxd3 33. Qxd3 b5 34. Qe4 Qd6 35. axb5 cxb5 36. Qa8+ Ke7 37. Qxa5 g5 38. Qa7 h5 39. Nd2 f5 40. Qb7 g4 41. hxg4 hxg4 42. Nf1 Bh6 43. Bc2 Kf6 44. Qa8 Kg7 45. Qd8 Bc1 46. Bxf5 Qf4 47. Qxd7+ Kf6 48. Qe6+ Kg5 49. Qg6+ Kh4 50. g3+ Qxg3+ 51. Nxg3 1-0

[Event "Titled Tuesday intern op 04th Jul Late"]
[Site "Chess.com INT"]
[Date "2023.07.04"]
[Round "2"]
[White "Morefield, Jason P"]
[Black "Sanchez Enriquez, Oscar Gerardo"]
[Result "1-0"]
[WhiteElo "2226"]
[BlackElo "2297"]
[PlyCount "153"]
[EventDate "2023.07.04"]
[EventType "swiss (blitz)"]
[EventRounds "11"]
[EventCountry "USA"]
[SourceTitle "EXT 2024"]
[Source "ChessBase"]
[SourceDate "2023.10.10"]
[SourceVersion "1"]
[SourceVersionDate "2023.10.10"]
[SourceQuality "1"]

1. d4 e6 2. e4 d5 3. Nc3 Bb4 4. e5 c5 5. a3 Bxc3+ 6. bxc3 Qa5 7. Bd2 Qa4 8. h4 Ne7 9. h5 h6 10. Bd3 cxd4 11. Rh4 Nbc6 12. Nf3 Nf5 13. Rf4 Bd7 14. cxd4 Rc8 15. Kf1 Na5 16. Bxa5 Qxa5 17. Qe1 Qc3 18. Qxc3 Rxc3 19. Ke1 0-0 20. Kd2 Rfc8 21. g4 Ne7 22. Rg1 Ba4 23. Ne1 Kf8 24. g5 hxg5 25. Rxg5 a6 26. Rfg4 Nf5 27. Bxf5 exf5 28. Rg3 Rxg3 29. Rxg3 Bd7 30. Nd3 b6 31. Nb4 Be6 32. Nxa6 Rc4 33. Rd3 f4 34. c3 Ra4 35. Nb4 Rxa3 36. Rf3 Kg8 37. Rxf4 Kh7 38. Rh4 Kh6 39. f4 Ra5 40. Kc2 Bf5+ 41. Kb3 Be4 42. c4 dxc4+ 43. Kxc4 Ra1 44. d5 Rc1+ 45. Kd4 Bg2 46. d6 Rd1+ 47. Kc4 Bf1+ 48. Kc3 Bb5 49. Rh2 Rc1+ 50. Rc2 Rf1 51. Nd5 Ba4 52. Ra2 Bc6 53. Nxb6 Rxf4 54. d7 Bxd7 55. Nxd7 Rf5 56. Rg2 Rxh5 57. Kd4 Rh1 58. Kd5 Rd1+ 59. Kc6 g6 60. Nf6 Kg7 61. Ne4 Re1 62. Kd5 Rd1+ 63. Rd2 Ra1 64. Nd6 Ra5+ 65. Ke4 Ra4+ 66. Rd4 Ra1 67. Rc4 Re1+ 68. Kd5 Rd1+ 69. Kc6 g5 70. Kd7 Kg6 71. Ke7 Re1 72. Nxf7 g4 73. Rxg4+ Kf5 74. Rg5+ Kf4 75. e6 Ra1 76. Kf6 Ra5 77. Rxa5 1-0

[Event "Merida Yucatan-ch"]
[Site "Merida"]
[Date "2023.05.20"]
[Round "3"]
[White "Colli Lopez, Samuel Santiago"]
[Black "Sanchez Enriquez, Oscar Gerardo"]
[Result "0-1"]
[WhiteElo "2001"]
[BlackElo "2294"]
[PlyCount "46"]
[EventDate "2023.05.19"]
[EventType "tourn"]
[EventRounds "5"]
[EventCountry "MEX"]
[SourceTitle "EXT 2024"]
[Source "ChessBase"]
[SourceDate "2023.10.10"]
[SourceVersion "1"]
[SourceVersionDate "2023.10.10"]
[SourceQuality "1"]

1. e4 c5 2. Nf3 Nc6 3. d4 cxd4 4. Nxd4 Nf6 5. Nc3 e5 6. Ndb5 d6 7. Bg5 a6 8. Na3 b5 9. Bxf6 gxf6 10. Nd5 f5 11. Nxb5 axb5 12. Bxb5 Bb7 13. exf5 Rg8 14. f6 Ra5 15. a4 Rxb5 16. axb5 Nd4 17. c4 Rxg2 18. Kf1 Qc8 19. Qd3 Rg6 20. b6 Qg4 21. Ke1 Bh6 22. Ra7 Qg5 23. Qd1 Qg1+ 0-1

[Event "Mexican op 68th"]
[Site "Mexico City"]
[Date "2023.04.07"]
[Round "5"]
[White "Hernandez Carmenates, Holden"]
[Black "Sanchez Enriquez, Oscar Gerardo"]
[Result "1-0"]
[WhiteElo "2472"]
[BlackElo "2289"]
[PlyCount "77"]
[EventDate "2023.04.04"]
[EventType "swiss"]
[EventRounds "9"]
[EventCountry "MEX"]
[SourceTitle "CBM 213 Extra"]
[Source "ChessBase"]
[SourceDate "2023.05.31"]
[SourceVersion "1"]
[SourceVersionDate "2023.05.31"]
[SourceQuality "1"]

1. d4 d5 2. c4 e6 3. Nc3 c5 4. e3 Nf6 5. Nf3 a6 6. cxd5 exd5 7. Be2 Nc6 8. 0-0 Bd6 9. b3 cxd4 10. Nxd4 0-0 11. Bb2 Re8 12. Nxc6 bxc6 13. Rc1 h5 14. Na4 Ng4 15. Bxg4 Bxg4 16. Qd4 Be5 17. Qd2 h4 18. Bxe5 Rxe5 19. f3 Bd7 20. Qd4 Qe7 21. Nc5 Re8 22. Rfe1 h3 23. g3 Bc8 24. Kf2 a5 25. f4 Rh5 26. e4 dxe4 27. Rxe4 Qf8 28. Rxe8 Qxe8 29. Re1 Qf8 30. Re5 Rxe5 31. Qxe5 f6 32. Qd4 Bg4 33. b4 axb4 34. Qxb4 Qd6 35. Ke3 Kh7 36. Qd4 Qb8 37. Kd2 Kh8 38. Kc3 Qb1 39. Qd8+ 1-0

[Event "Titled Tuesday intern op 15th Nov Early"]
[Site "Chess.com INT"]
[Date "2022.11.15"]
[Round "8"]
[White "Perez Gormaz, Matias Ariel"]
[Black "Sanchez Enriquez, Oscar Gerardo"]
[Result "0-1"]
[WhiteElo "2397"]
[BlackElo "2289"]
[PlyCount "98"]
[EventDate "2022.11.15"]
[EventType "swiss (blitz)"]
[EventRounds "11"]
[EventCountry "USA"]
[SourceTitle "CBM 211 Extra"]
[Source "ChessBase"]
[SourceDate "2023.01.31"]
[SourceVersion "1"]
[SourceVersionDate "2023.01.31"]
[SourceQuality "1"]

1. e4 d6 2. c4 Nf6 3. Nc3 g6 4. g3 Bg7 5. Bg2 0-0 6. Nge2 c5 7. 0-0 Nc6 8. h3 Rb8 9. d3 a6 10. a4 Bd7 11. Be3 Ne8 12. d4 cxd4 13. Nxd4 Nc7 14. b3 Ne6 15. Nde2 Nc5 16. Kh2 Nb4 17. Qd2 Nxb3 18. Qb2 Nxa1 19. Rxa1 a5 20. Rd1 Rc8 21. Qb3 Be6 22. Nd5 Bxd5 23. cxd5 Qc7 24. Rc1 Qb8 25. Rb1 Qc7 26. Rc1 Qd7 27. Rb1 Rc2 28. Nd4 Ra2 29. Nb5 Rc8 30. Kg1 Rcc2 31. Bf1 f5 32. Bb6 fxe4 33. Bxa5 Qf5 34. Bb6 Nd3 35. Be3 Nxf2 36. Nd4 Nxh3+ 37. Bxh3 Qxh3 38. Nxc2 Qxg3+ 39. Kf1 Rxc2 40. Qxc2 Qxe3 41. Rxb7 Bd4 42. Qc8+ Kg7 43. Rxe7+ Kh6 44. Qf8+ Kh5 45. Rxh7+ Kg4 46. Qc8+ Kg5 47. Qd8+ Bf6 48. Qe8 Qf3+ 49. Ke1 Bc3# 0-1

[Event "Titled Tuesday intern op 15th Nov Early"]
[Site "Chess.com INT"]
[Date "2022.11.15"]
[Round "1"]
[White "Sanchez Enriquez, Oscar Gerardo"]
[Black "Durarbayli, Vasif"]
[Result "0-1"]
[WhiteElo "2289"]
[BlackElo "2612"]
[PlyCount "80"]
[EventDate "2022.11.15"]
[EventType "swiss (blitz)"]
[EventRounds "11"]
[EventCountry "USA"]
[SourceTitle "CBM 211 Extra"]
[Source "ChessBase"]
[SourceDate "2023.01.31"]
[SourceVersion "1"]
[SourceVersionDate "2023.01.31"]
[SourceQuality "1"]

1. e4 c5 2. c3 Nf6 3. e5 Nd5 4. d4 cxd4 5. Nf3 Nc6 6. Bc4 Nb6 7. Bb3 d5 8. exd6 Qxd6 9. 0-0 Be6 10. Nxd4 Nxd4 11. cxd4 Bxb3 12. Qxb3 e6 13. Nc3 Be7 14. Be3 0-0 15. Rfd1 Rfd8 16. Rac1 Rac8 17. a3 h6 18. h3 Bf6 19. Ne4 Qe7 20. a4 Nd5 21. Nxf6+ Nxf6 22. d5 Nxd5 23. Rxc8 Rxc8 24. Bxa7 Rc6 25. Bd4 Qc7 26. g3 Rc1 27. Rxc1 Qxc1+ 28. Kg2 Qc6 29. Kh2 f6 30. a5 Kf7 31. Qd3 Qa4 32. Bc3 h5 33. Qf3 g6 34. Qd3 h4 35. g4 Qc6 36. Kg1 Nf4 37. Qf1 Qf3 38. Kh2 Nd3 39. Bd4 Qf4+ 40. Kh1 Qxd4 0-1

[Event "Titled Tuesday intern op 15th Nov Early"]
[Site "Chess.com INT"]
[Date "2022.11.15"]
[Round "3"]
[White "Sanchez Enriquez, Oscar Gerardo"]
[Black "Fernandez de La Vara, Arnaldo"]
[Result "1-0"]
[WhiteElo "2289"]
[BlackElo "2462"]
[PlyCount "103"]
[EventDate "2022.11.15"]
[EventType "swiss (blitz)"]
[EventRounds "11"]
[EventCountry "USA"]
[SourceTitle "CBM 211 Extra"]
[Source "ChessBase"]
[SourceDate "2023.01.31"]
[SourceVersion "1"]
[SourceVersionDate "2023.01.31"]
[SourceQuality "1"]

1. e4 c5 2. Nf3 e6 3. g3 Nc6 4. Bg2 Nf6 5. Qe2 d6 6. 0-0 e5 7. c3 Be7 8. Rd1 0-0 9. h3 Qc7 10. Na3 a6 11. d4 exd4 12. cxd4 b5 13. d5 Ne5 14. Nxe5 dxe5 15. Bg5 Ne8 16. Be3 c4 17. Nc2 Bc5 18. Rac1 Nd6 19. b3 Bd7 20. Ne1 Rfc8 21. Nf3 f6 22. bxc4 Bxe3 23. Qxe3 Nxc4 24. Qe1 Qa5 25. Qe2 Qa3 26. d6 Rc6 27. Nh4 Rxd6 28. Rxd6 Qxd6 29. Rd1 Qe7 30. a4 Rd8 31. Rb1 g6 32. axb5 axb5 33. Kh2 Bc6 34. Nf3 Kg7 35. h4 h5 36. Bh3 Qc5 37. Bf1 Nd6 38. Nd2 Qd4 39. Bg2 Nc4 40. Nb3 Qd3 41. Qe1 Qc2 42. Kg1 Rd3 43. Nc5 Rd2 44. Bf1 Rd4 45. Ne6+ Kf7 46. Nxd4 exd4 47. Qb4 d3 48. Ra1 Nd2 49. Ra7+ Kg8 50. Qe7 Nf3+ 51. Kg2 Ne1+ 52. Kh3 1-0

[Event "Titled Tuesday intern op 15th Nov Early"]
[Site "Chess.com INT"]
[Date "2022.11.15"]
[Round "7"]
[White "Sanchez Enriquez, Oscar Gerardo"]
[Black "Zaichenko, Daria"]
[Result "1-0"]
[WhiteElo "2289"]
[BlackElo "2104"]
[PlyCount "49"]
[EventDate "2022.11.15"]
[EventType "swiss (blitz)"]
[EventRounds "11"]
[EventCountry "USA"]
[SourceTitle "CBM 211 Extra"]
[Source "ChessBase"]
[SourceDate "2023.01.31"]
[SourceVersion "1"]
[SourceVersionDate "2023.01.31"]
[SourceQuality "1"]

1. e4 c5 2. c3 d5 3. exd5 Qxd5 4. d4 cxd4 5. cxd4 e6 6. Nc3 Qd8 7. Nf3 Nf6 8. Bd3 Nc6 9. 0-0 Be7 10. Qe2 0-0 11. Rd1 Bd7 12. Bg5 h6 13. Bh4 Nd5 14. Bg3 f5 15. Be5 Bf6 16. Bc4 Bxe5 17. Nxd5 Bd6 18. Nc3 Qf6 19. d5 Ne5 20. dxe6 Rfc8 21. Nxe5 Qxe5 22. exd7+ Rxc4 23. Qxc4+ Kh7 24. g3 Rd8 25. Qd5 1-0